Celebrities in The Simpsons - Statistics

General Stats
  • This quiz has been taken 46 times
    27 since last reset
  • The average score is 32 of 93
Answer Stats
Hint Celebrity % Correct
Candy Shop, Get Rich Or Die Tryin, In Da Club 50 Cent
92%
The King of Pop Michael Jackson
71%
Bad Romance, Pokerface, Shallow Lady Gaga
67%
Baby One More Time, If U Seek Amy, Toxic Britney Spears
63%
The Rocket Man Elton John
63%
One of the Beatles George Harrison
63%
Creator of Facebook Mark Zuckerberg
63%
One of the Beatles Ringo Starr
63%
California Gurls, Drop it Likes It's Hot, Still D.R.E. Snoop Dogg
63%
Catch Me If You Can, Forrest Gump, The Terminal Tom Hanks
63%
Harry Potter Daniel Radcliffe
58%
One of the Beatles Paul McCartney
58%
Legendary Skater Tony Hawk
58%
Empire of the Sun, Night at the Museum, Zoolander Ben Stiller
54%
Invented Marvel as we know it Stan Lee
54%
Breaking Bad, Malcolm in the Middle, Godzilla Bryan Cranston
50%
Catwoman, Former Bond Girl, Password: Swordfish Halle Berry
50%
Owner of Amazon Jeff Bezos
50%
Dark Horse, I Kissed a Girl, Roar Katy Perry
50%
LA Lakers Basketball Player LeBron James
50%
Bojack Horseman, Breaking Bad, Exodus: Gods and Kings Aaron Paul
46%
Paypal, SpaceX, Tesla Elon Musk
46%
The Criminal, Triple 9, Wonder Woman Gal Gadot
46%
Logan, Prisoners, The Prestige Hugh Jackman
46%
Annihilation, Black Swan, Star Wars 1-3 Natalie Portman
46%
Legally Blond, Walk the Line, Wild Reese Witherspoon
46%
Penn & Teller
46%
Makes song parodies Weird Al Yankovic
46%
12 Years a Slave, Doctor Strange, The Imitation Game Benedict Cumberbatch
42%
Hook, Rain Man, Tootsie Dustin Hoffman
42%
Creator of Playboy Magazine Hugh Hefner
42%
Clear and Present Danger, Star Wars: A New Hope, The Lion King James Earl Jones
42%
10 Cloverfield Lane, Roseanne, The Big Lebowski, John Goodman
42%
Clerks, Dogma, Jay and Silent Bob Kevin Smith
42%
Spock Leonard Nimoy
42%
Ant-Man, Night at the Museum, Romeo & Juliet Paul Rudd
42%
Knocked Up, The Disaster Artist, The Interview Seth Rogen
42%
Beetlejuice, Bram Stoker's Dracula, Star Trek Winona Ryder
42%
Beetlejuice, The Boss Baby, The Departed Alec Baldwin
38%
Hotel Rwanda, Iron Man 2, Ocean's Eleven Don Cheadle
38%
American History X, Birdman, Fight Club Edward Norton
38%
Elysium, Taxi Driver, The Silence of the Lambs Jodie Foster
38%
Braveheart, Mad Max, The Patriot Mel Gibson
38%
One of the most celebrated scientists in recent history Stephen Hawking
38%
New England Football Player Tom Brady
38%
Better Call Saul, Breaking Bad, Girlfriend's Day Bob Odenkirk
33%
Batman Returns, Dumbo, Twins Danny DeVito
33%
Fire, Remember the Name, Shape of You Ed Sheeran
33%
Inception, Juno, X-Men: Days of Future Past Ellen Page
33%
Angry Scottish Chef Gordon Ramsay
33%
Independence Day, Jurassic Park, The Fly Jeff Goldblum
33%
Batman Begins, Non-Stop, Star Wars: The Phantom Menace Liam Neeson
33%
Has a cooking show with Snoop Dogg Martha Stewart
33%
Borat Sacha Baron Cohen
33%
Platoon, Spider-Man, The Boondock Saints Willem Dafoe
33%
Former Basketball Player, best friend's with Kim Jong-un Dennis Rodman
29%
Doubt, Little Women, The Iron Lady Meryl Streep
29%
Ant-Man and the Wasp, Batman Returns, Scarface Michelle Pfeiffer
29%
Charlie's Angels, Star Trek, X-Men Patrick Stewart
29%
Former James Bond, Mrs. Doubtfire, The World's End Pierce Brosnan
29%
Con Air, Reservoir Dogs, The Big Lebowski Steve Buscemi
29%
Dark Waters, Ocean's Eight, The Dark Knight Rises Anne Hathaway
25%
Ocean's Eight, The Aviator, Thor: Ragnarok Cate Blanchett
25%
Cats, Lord of the Rings, X-Men Ian McKellen
25%
Aquaman, Once Upon a Time in Venice, The Bad Batch Jason Momoa
25%
American Graffiti, Apollo 13, Solo: A Star Wars Story Ron Howard
25%
Dark Waters, Green Lantern, The Shawshank Redemption Tim Robbins
25%
No Country For Old Men, The Hunger Hames, Zombieland Woody Harrelson
25%
Ocean's Eleven, The Godfather Part II, The Untoachables Andy Garcia
21%
Addams Family, Back to the Futurue, Sin City: A Dame to Kill For Christopher Lloyd
21%
Air Force One, Hillbilly Elegy, Mars Attacks! Glenn Close
21%
8 Mile, Batman, The Nice Guys Kim Basinger
17%
Cloudy with a Chance of Meatballs, Rocky 3, The A Team Mr. T
17%
Wu-Tang Clan Member RZA
17%
Who let the Dogs Out? Baha Men
13%
Animal Rights Activist, Dennis the Menace, Toy Story 4 Betty White
13%
Burn After Reading, Justice League, Spider-Man J. K. Simmons
13%
Blade Trinity, Ratatouille, The King of Queens Patton Oswalt
13%
Teen Titans Go! To the Movies, The Lego Batman Movie, The Lego Movie Will Arnett
13%
King Kong, Long Shot, Lord of the Rings Andy Serkis
8%
Angry Birds 2, Jumanji: The Next Level, Ocean's Eight Awkwafina
8%
Batman v Superman: Dawn of Justice, Lion King, Red Sparrow Jeremy Irons
8%
All Sommer Long, Cowboy, Only God Knows Why Kid Rock
8%
Breaking Bad, Jessica Jones Krysten Ritter
8%
Breaking Bad, Jackie Brown, The Descendants Robert Forster
8%
Escape Plan, Jurassic Park, Thor: Ragnarok Sam Neill
8%
Friday the 13th, From Dusk Till Dawn, Planet Terror Tom Savini
8%
Hellboy 2, Scary Stories to Tell in the Dark, Shape of Water Guillermo del Toro
4%
Cloverfield, Now You See Me 2, The Interview Lizzy Caplan
4%
Act a Fool, My Chick Bad, Oh Ludacris
4%
Justified, Once Upon a Time in Hollywood, The Mandalorian Timothy Olyphant
4%
Pulp Fiction, Real Steel, Teenage Mutant Ninja Turtles Phil LaMarr
0%
My Son My Son What Have Ye Done, The Mandalorian Werner Herzog
0%
No matching quizzes found
Score Distribution
Percent of People with Each Score
Percentile by Number Answered
Your Score History
You have not taken this quiz since the last reset